LEADER 01187nam0 2200301 450 001 000007507 005 20120402203404.0 100 $a20070212a2006----km-y0itay50------ba 101 0 $aita 102 $aIT 105 $ay-------001yy 200 1 $a<>sovvenzione globale in materia di piccoli sussidi$eun nuovo strumento finanziario per il Terzo Settore e l'inclusione sociale$fGiovanna Giuliano e Germana Monaldi$gISFOL 210 $a[Roma]$cRIREA$hstampa 2006 215 $a48 p.$d24 cm 225 2 $aQMR(Quaderni Monografici Rirea)$v42 300 $aAllegato alla Rivista italiana di Ragioneria e di Economia Aziendale fasc. 3-4/2006(n. sist. 000001925) 410 0$12001$aQMR(Quaderni Monografici Rirea) 610 1 $aAssociazioni assistenziali$aFinanziamenti comunitari 610 1 $aEnti senza scopo di lucro$aSovvenzione 676 $a361.763$v20 700 1$aGiuliano,$bGiovanna$0599588 701 1$aMonaldi,$bGermana$0599589 712 02$aISFOL 801 0$aIT$bUNIPARTHENOPE$c20070212$gRICA$2UNIMARC 912 $a000007507 951 $aQMR/657/42$b43721$cNAVA1$d2007 996 $aSovvenzione globale in materia di piccoli sussidi$91205630 997 $aUNIPARTHENOPE LEADER 00916nam0 2200265 450 001 000033301 005 20200922105633.0 010 $a978-88-3379-147-0 100 $a20200922d2020----km-y0itay50------ba 101 0 $aita 102 $aIT 105 $ay-------001yy 200 1 $a<>trasparenza bancaria$etra regole di disclosure, product governance, consumer behaviour e digitalizzazione del mercato$fFernando Greco e Michael Lecci 210 $aPisa$cPacini Giuridica$dc2020 215 $aVII, 211 p.$d24 cm 500 10$a<>trasparenza bancaria$91757120 610 1 $aBanche$aTrasparenze$aLegislazione statale 676 $a346.045052$v22 700 1$aGreco,$bFernando$0472278 701 1$aLecci,$bMichael$0788322 801 0$aIT$bUNIPARTHENOPE$c20200922$gRICA$2UNIMARC 912 $a000033301 951 $a346-T/40$b47657$cNAVA1$d2020 996 $aTrasparenza bancaria$91757120 997 $aUNIPARTHENOPE